Get set for media and cultural studies (Record no. 194076)

MARC details
000 -LEADER
fixed length control field 00715nam a2200229Ia 4500
008 - FIXED-LENGTH DATA ELEMENTS--GENERAL INFORMATION
fixed length control field 191130s2006##################000#0#eng##
020 ## - INTERNATIONAL STANDARD BOOK NUMBER
ISBN 9780748616954
082 ## - DEWEY DECIMAL CLASSIFICATION NUMBER
Classification number 302.230711 PUR
100 ## - MAIN ENTRY--AUTHOR NAME
Personal name Purvis, Tony
245 ## - TITLE STATEMENT
Title Get set for media and cultural studies
Statement of responsibility, etc Tony Purvis
260 ## - PUBLICATION, DISTRIBUTION, ETC. (IMPRINT)
Place of publication Edinburgh
Name of publisher Edinburgh Univeristy Press
Year of publication c2006
300 ## - PHYSICAL DESCRIPTION
Number of Pages xiii, 205 p. : ill., ; ; 22 cm
500 ## - GENERAL NOTE
General note Includes bibliographical references and index
650 ## - SUBJECT ADDED ENTRY--TOPICAL TERM
Topical Term Culture
Topical Term Culture Study and teaching (Higher)
Topical Term Mass media
Topical Term Mass media Study and teaching (Higher)
991 ## -
-- 41842
Holdings
Withdrawn status Lost status Damaged status Not for loan Home library Current library Shelving location Date acquired Full call number Accession Number Price effective from Koha item type
        Anna Centenary Library Anna Centenary Library 3RD FLOOR, B WING 13.10.2020 302.230711 PUR 373140 13.10.2020 English Books

Find us on the map